000 01163nam a2200337 i 4500
001 000005857
003 DO-SdBNP
005 20250808095420.0
007 ta
008 090824s1994 dr 001 0 spa d
040 _aDO-SdBNP
_bspa
_cBNPHU
_erda
041 _aspa
082 4 _a344.729301
_bH557de
_222
100 _aHernández Rueda, Lupo,
_d1930-2017
_eautor
_4aut.
_923790
245 1 0 _aDerecho procesal del trabajo /
_cLupo Hernández Rueda.
264 1 _aSanto Domingo :
_bEditora Corripio,
_c1994.
300 _a370 páginas ;
_c24 cm.
336 _atexto
_btxt
_2rdacontent
337 _asin mediación
_bn
_2rdamedia
338 _avolumen
_bnc
_2rdacarrier
500 _aIncluye bibliografía y notas al final de los capítulos.
504 _aBibliografía : páginas 349-355.
590 _aInventariado, 2018/VM
650 4 _aDerecho laboral
_zRepública Dominicana
_97337
650 4 _aDerecho procesal
_zRepública Dominicana
_913091
650 4 _aDerecho penal
_zRepública Dominicana
_916470
650 4 _aLegislacion laboral
_916517
650 4 _aDerecho al trabajo
_916432
910 _aValidado. Control de calidad EMS.
942 _2ddc
_cLBS1
999 _c5653
_d5653